00480nam a2200169Ia 450000500170000000800410001702000150005808200210007310000130009424500900010726000470019730000120024465000110025665000100026765000150027765000180029220250324065428.0240331s9999 xx 000 0 und d a1856492400 bAGG24010a303.6 aAgger, I 4aThe Blue Room:bTrauma and Testimony Among Refugee Women: A Psycho-Social Exploration aLondon;aNew Jersey,bZed Books Ltd,c1992 a138 p., aGender aWomen aBoundaries aSexual Trauma